[Event "2. Bundesliga Ost 2012/2013"]
[Site "6.+7.10., 17.+18.11., 1.12., 2.+3.2., 9.+10.3., 6.
[Date "2013.03.10"]
[Round "9"]
[Board "5"]
[White "Koffler, Daniel"]
[Black "Weissenbeck, Manuel"]
[Result "0-1"]
[WhiteElo "2201"]
[BlackElo "2238"]
[PlyCount "106"]
[EventDate "2012.10.06"]
[EventType "team"]
[EventRounds "11"]
[EventCountry "AUT"]
[WhiteTeam "Blackburne Nickelsdorf"]
[BlackTeam "Spg Data Technology Eichgraben/P."]

1. Nf3 Nf6 2. c4 e6 3. g3 d5 4. Bg2 c5 5. O-O Be7 6. cxd5 exd5 7. d4 O-O 8. Nc3
Nc6 9. Bg5 c4 10. Qc2 Be6 11. Rad1 Qa5 12. Ne5 h6 13. Nxc6 bxc6 14. Bf4 Rac8
15. Qa4 Qb6 16. b3 cxb3 17. axb3 Bf5 18. Ra1 a5 19. Qxa5 Qxa5 20. Rxa5 Bb4 21.
Rc5 Bxc5 22. dxc5 Rb8 23. Bxb8 Rxb8 24. e4 Nxe4 25. Nxe4 dxe4 26. Rb1 Rb4 27.
Kf1 Be6 28. Ke2 f5 29. Ke3 Kf7 30. f3 Kf6 31. fxe4 fxe4 32. Kd2 Ke5 33. Kc3 Rd4
34. Bf1 Bg4 35. Re1 Bf3 36. Bc4 g5 37. Kc2 Rd8 38. Kc3 h5 39. b4 Rb8 40. Ra1 h4
41. Ra7 hxg3 42. Re7+ Kf4 43. Rf7+ Ke3 44. hxg3 g4 45. Rf6 Kf2 46. Rxc6 e3 47.
Re6 e2 48. Bxe2 Bxe2 49. c6 Bb5 50. Kd4 Bxc6 51. Rxc6 Rxb4+ 52. Kc3 Rb8 53. Kd3
Re8 0-1

[Event "2. Bundesliga Ost 2012/2013"]
[Site "6.+7.10., 17.+18.11., 1.12., 2.+3.2., 9.+10.3., 6.
[Date "2013.03.10"]
[Round "9"]
[Board "6"]
[White "Wandl, Werner"]
[Black "Steinert, Martin"]
[Result "1/2-1/2"]
[WhiteElo "2093"]
[BlackElo "2094"]
[PlyCount "39"]
[EventDate "2012.10.06"]
[EventType "team"]
[EventRounds "11"]
[EventCountry "AUT"]
[WhiteTeam "Spg Data Technology Eichgraben/P."]
[BlackTeam "Blackburne Nickelsdorf"]

1. e4 d6 2. Nc3 g6 3. g3 Bg7 4. Bg2 Nc6 5. d3 Nf6 6. f4 e5 7. Nf3 O-O 8. O-O
Bg4 9. h3 Bxf3 10. Qxf3 exf4 11. Bxf4 Nd4 12. Qf2 Nd7 13. Qd2 Ne5 14. Rf2 c6
15. Ne2 Ne6 16. Bh6 Bxh6 17. Qxh6 Qg5 18. Qxg5 Nxg5 19. Nd4 Ne6 20. Nxe6
1/2-1/2

[Event "2. Bundesliga Ost 2012/2013"]
[Site "6.+7.10., 17.+18.11., 1.12., 2.+3.2., 9.+10.3., 6.
[Date "2013.03.10"]
[Round "9"]
[Board "1"]
[White "Pisk, Petr"]
[Black "Banusz, Tamas"]
[Result "0-1"]
[WhiteElo "2389"]
[BlackElo "2580"]
[PlyCount "66"]
[EventDate "2012.10.06"]
[EventType "team"]
[EventRounds "11"]
[EventCountry "AUT"]
[WhiteTeam "Zwettl 2"]
[BlackTeam "SK Wien-Ottakring"]

1. e4 e5 2. Nf3 Nc6 3. d4 exd4 4. Bc4 Nf6 5. O-O Nxe4 6. Re1 d5 7. Bxd5 Qxd5 8.
Nc3 Qa5 9. Nxe4 Be6 10. Bd2 Qf5 11. Bg5 h6 12. Bh4 Bc5 13. Nxc5 Qxc5 14. b4
Qxb4 15. Rb1 Qa5 16. Nxd4 Nxd4 17. Qxd4 O-O 18. a4 c5 19. Qa1 b6 20. Re3 Kh7
21. Be7 Rg8 22. Rd1 Rae8 23. Bd6 Bf5 24. Rc3 Re2 25. Rc1 Rge8 26. h4 Qb4 27.
Bg3 Rxc2 28. R1xc2 Bxc2 29. Kh2 Bxa4 30. Rf3 f6 31. Rf4 Re4 32. Rf5 Re1 33. Qa2
Qb1 0-1

[Event "2. Bundesliga Ost 2012/2013"]
[Site "6.+7.10., 17.+18.11., 1.12., 2.+3.2., 9.+10.3., 6.
[Date "2013.03.10"]
[Round "9"]
[Board "2"]
[White "Schneider-Zinner, Harald"]
[Black "Wagner, Stefan"]
[Result "1-0"]
[WhiteElo "2369"]
[BlackElo "2178"]
[PlyCount "61"]
[EventDate "2012.10.06"]
[EventType "team"]
[EventRounds "11"]
[EventCountry "AUT"]
[WhiteTeam "SK Wien-Ottakring"]
[BlackTeam "Zwettl 2"]

1. d4 Nf6 2. Nf3 d5 3. c4 c6 4. Nc3 e6 5. e3 Nbd7 6. Bd3 Bd6 7. e4 dxe4 8. Nxe4
Nxe4 9. Bxe4 Nf6 10. Bc2 b6 11. O-O O-O 12. Qd3 h6 13. b3 Bb7 14. Bb2 Re8 15.
Rfe1 Qc7 16. c5 Be7 17. Ne5 Rad8 18. Re3 Bxc5 19. Rg3 Bd6 20. Qe2 Qe7 21. Re1
Bb4 22. Rf1 Bd6 23. Bc1 Kf8 24. Qe3 Ng8 25. Qf4 Bxe5 26. dxe5 c5 27. Be3 Qc7
28. Bh7 Rd5 29. Bxg8 g5 30. Qf6 Qxe5 31. Qxf7# 1-0

[Event "2. Bundesliga Ost 2012/2013"]
[Site "6.+7.10., 17.+18.11., 1.12., 2.+3.2., 9.+10.3., 6.
[Date "2013.03.10"]
[Round "9"]
[Board "3"]
[White "Vyskocil, Neklan"]
[Black "Steiner, Adam"]
[Result "1/2-1/2"]
[WhiteElo "2368"]
[BlackElo "2276"]
[PlyCount "83"]
[EventDate "2012.10.06"]
[EventType "team"]
[EventRounds "11"]
[EventCountry "AUT"]
[WhiteTeam "Zwettl 2"]
[BlackTeam "SK Wien-Ottakring"]

1. c4 e5 2. Nc3 Nf6 3. g3 d5 4. cxd5 Nxd5 5. Bg2 Nb6 6. Nf3 Nc6 7. d3 Be7 8.
O-O O-O 9. a3 Re8 10. b4 Bf8 11. Ne4 Nd4 12. Nc5 c6 13. Bb2 g6 14. e3 Nxf3+ 15.
Bxf3 Bg7 16. Qc2 Nd5 17. Nb3 Qf6 18. Bg2 Qe6 19. e4 Nb6 20. Rad1 Qe7 21. d4 Bg4
22. f3 Be6 23. Na5 f6 24. h3 Rac8 25. Kh2 Qf7 26. dxe5 fxe5 27. f4 exf4 28.
gxf4 Bxb2 29. Qxb2 Nc4 30. Nxc4 Bxc4 31. Rf2 Rcd8 32. Rxd8 Rxd8 33. Qe5 Qg7 34.
Qg5 Rd1 35. e5 Be6 36. Bf3 Rd3 37. Bg4 Bxg4 38. Qxg4 Qd7 39. e6 Qd4 40. Re2 Re3
41. e7 Kf7 42. e8=Q+ 1/2-1/2

[Event "2. Bundesliga Ost 2012/2013"]
[Site "6.+7.10., 17.+18.11., 1.12., 2.+3.2., 9.+10.3., 6.
[Date "2013.03.10"]
[Round "9"]
[Board "4"]
[White "Beck, Hartmuth"]
[Black "Buchnicek, Petr"]
[Result "1-0"]
[WhiteElo "2295"]
[BlackElo "2352"]
[PlyCount "139"]
[EventDate "2012.10.06"]
[EventType "team"]
[EventRounds "11"]
[EventCountry "AUT"]
[WhiteTeam "SK Wien-Ottakring"]
[BlackTeam "Zwettl 2"]

1. c4 f5 2. e4 fxe4 3. d3 Nf6 4. Nc3 e5 5. dxe4 Bb4 6. Bd3 Bxc3+ 7. bxc3 d6 8.
c5 dxc5 9. Nf3 Qd6 10. O-O Be6 11. Ng5 Nbd7 12. Nxe6 Qxe6 13. Qa4 c6 14. Ba3 a5
15. f4 b5 16. Qc2 O-O 17. f5 Qf7 18. Be2 Rfd8 19. Rad1 Ne8 20. Rd2 Nef6 21. Rd6
Rac8 22. Rfd1 c4 23. Re6 Re8 24. Red6 Nf8 25. Bc5 a4 26. Be3 Qe7 27. R6d2 Red8
28. g4 h6 29. h4 N6h7 30. Bf2 Rd7 31. Rxd7 Nxd7 32. Qd2 Ndf8 33. Kg2 Rc7 34.
Qd8 Qxd8 35. Rxd8 Rd7 36. Rxd7 Nxd7 37. Be3 Kf7 38. g5 hxg5 39. hxg5 g6 40. Bg4
Nhf8 41. Kf2 Ke7 42. Ke2 Kd6 43. Kf3 c5 44. fxg6 Nxg6 45. Bxd7 Kxd7 46. Bxc5
Ke6 47. Kg4 Nf4 48. Be3 Ne2 49. Bd2 b4 50. cxb4 c3 51. Be3 Nd4 52. a3 Kf7 53.
Kh5 Kg7 54. g6 Ne6 55. b5 Nf4+ 56. Kg5 Nxg6 57. Kf5 Kf7 58. b6 Nf8 59. Kxe5
Nd7+ 60. Kd6 Ke8 61. b7 c2 62. e5 Nb8 63. e6 Na6 64. Bg5 Nb8 65. Kc7 Na6+ 66.
Kb6 Nb8 67. Kb5 Kf8 68. Kxa4 Kg7 69. e7 Kf7 70. Kb5 1-0

[Event "2. Bundesliga Ost 2012/2013"]
[Site "6.+7.10., 17.+18.11., 1.12., 2.+3.2., 9.+10.3., 6.
[Date "2013.03.10"]
[Round "9"]
[Board "5"]
[White "Fiala, Vaclav"]
[Black "Ernst, Michael"]
[Result "1/2-1/2"]
[WhiteElo "2188"]
[BlackElo "2214"]
[PlyCount "85"]
[EventDate "2012.10.06"]
[EventType "team"]
[EventRounds "11"]
[EventCountry "AUT"]
[WhiteTeam "Zwettl 2"]
[BlackTeam "SK Wien-Ottakring"]

1. e4 e6 2. d4 d5 3. Nd2 Nf6 4. e5 Nfd7 5. Bd3 c5 6. c3 Nc6 7. Ne2 cxd4 8. cxd4
f6 9. exf6 Nxf6 10. O-O Bd6 11. Nf3 Qc7 12. Bg5 O-O 13. Bh4 Nh5 14. Rc1 Bd7 15.
Qc2 h6 16. Qd2 Rxf3 17. gxf3 Bxh2+ 18. Kh1 Rf8 19. Qe3 Bf4 20. Nxf4 Qxf4 21.
Qxf4 Rxf4 22. Bg3 Rxf3 23. Rc3 Rxg3 24. fxg3 Nxg3+ 25. Kg2 Nxf1 26. Kxf1 Kf7
27. Kf2 Kf6 28. Ke3 g5 29. Rc1 Ne7 30. Rc7 Bc6 31. b4 Nf5+ 32. Bxf5 exf5 33. a4
f4+ 34. Kf2 a6 35. b5 axb5 36. a5 b4 37. Rxc6+ bxc6 38. a6 b3 39. a7 b2 40.
a8=Q b1=Q 41. Qxc6+ Kf5 42. Qd7+ Kf6 43. Qc6+ 1/2-1/2

[Event "2. Bundesliga Ost 2012/2013"]
[Site "6.+7.10., 17.+18.11., 1.12., 2.+3.2., 9.+10.3., 6.
[Date "2013.03.10"]
[Round "9"]
[Board "6"]
[White "Plank, Franz"]
[Black "Lipp, Alfred"]
[Result "1/2-1/2"]
[WhiteElo "2198"]
[BlackElo "2132"]
[PlyCount "101"]
[EventDate "2012.10.06"]
[EventType "team"]
[EventRounds "11"]
[EventCountry "AUT"]
[WhiteTeam "SK Wien-Ottakring"]
[BlackTeam "Zwettl 2"]

1. e4 c5 2. d4 cxd4 3. Qxd4 Nc6 4. Qd3 Nf6 5. c4 g6 6. Nc3 Bg7 7. f3 d6 8. Be3
O-O 9. Qd2 Be6 10. Rc1 Qa5 11. b3 Rfc8 12. Nge2 a6 13. Nf4 Rab8 14. Be2 b5 15.
O-O b4 16. Na4 Nd7 17. c5 Nxc5 18. Nxc5 Bc3 19. Qd3 dxc5 20. Nxe6 fxe6 21. Qxa6
Ra8 22. Qxa5 Nxa5 23. Rfd1 c4 24. bxc4 Nxc4 25. Bxc4 Rxc4 26. Rc2 Rc6 27. Rd3
Kf7 28. Kf1 Rca6 29. Bd2 h5 30. Bxc3 bxc3 31. h4 Rxa2 32. Rxa2 Rxa2 33. Rxc3 e5
34. Kg1 Rb2 35. Rc6 Ra2 36. Rc1 Rb2 37. Kf1 Ra2 38. Re1 Kf6 39. Re2 Ra1+ 40.
Re1 Ra2 41. g3 Rb2 42. Re2 Rb3 43. Kg2 Ra3 44. Rb2 Ra4 45. Rb6+ Kf7 46. Rb3
Ra2+ 47. Kh3 Ra1 48. Re3 Kf6 49. Re2 Ra3 50. Kg2 Rd3 51. Kf2 1/2-1/2

[Event "2. Bundesliga Ost 2012/2013"]
[Site "6.+7.10., 17.+18.11., 1.12., 2.+3.2., 9.+10.3., 6.
[Date "2013.03.10"]
[Round "9"]
[Board "1"]
[White "Loeffler, Stefan"]
[Black "Bokros, Albert"]
[Result "1-0"]
[WhiteElo "2410"]
[BlackElo "2458"]
[PlyCount "67"]
[EventDate "2012.10.06"]
[EventType "team"]
[EventRounds "11"]
[EventCountry "AUT"]
[WhiteTeam "ASVOe VHS Poechlarn"]
[BlackTeam "ASVOE Lackenbach"]

1. Nf3 e6 2. c4 b6 3. g3 Bb7 4. Bg2 Nf6 5. O-O Be7 6. d4 O-O 7. Re1 c5 8. d5
exd5 9. Nh4 g6 10. Nc3 d6 11. cxd5 a6 12. f4 b5 13. e4 b4 14. Na4 Nbd7 15. e5
Nh5 16. Nf5 Re8 17. exd6 Bf6 18. Ne7+ Kh8 19. Be3 c4 20. Rc1 Qb8 21. Nc6 Qxd6
22. Na5 Rab8 23. Rxc4 Ba8 24. Nc6 Rb5 25. Bd2 Rxe1+ 26. Qxe1 Rxd5 27. Bxb4 Rd1
28. Bxd6 Rxe1+ 29. Kf2 Rd1 30. Bb4 Ng7 31. Ne5 Bxg2 32. Rc8+ Ne8 33. Rxe8+ Kg7
34. Nxd7 1-0

[Event "2. Bundesliga Ost 2012/2013"]
[Site "6.+7.10., 17.+18.11., 1.12., 2.+3.2., 9.+10.3., 6.
[Date "2013.03.10"]
[Round "9"]
[Board "2"]
[White "Hagara, Eduard"]
[Black "Kostic, Vladimir"]
[Result "1/2-1/2"]
[WhiteElo "2410"]
[BlackElo "2417"]
[PlyCount "61"]
[EventDate "2012.10.06"]
[EventType "team"]
[EventRounds "11"]
[EventCountry "AUT"]
[WhiteTeam "ASVOE Lackenbach"]
[BlackTeam "ASVOe VHS Poechlarn"]

1. d4 d5 2. Nf3 c6 3. e3 Nf6 4. c4 e6 5. Nc3 Nbd7 6. cxd5 cxd5 7. Bd2 a6 8. Bd3
Bd6 9. a4 O-O 10. O-O e5 11. dxe5 Nxe5 12. Be2 Qe7 13. Nd4 Rd8 14. Qc2 Bb8 15.
Rfd1 Qc7 16. g3 Ba7 17. Rac1 Qe7 18. Qb3 h5 19. Qc2 g6 20. Be1 Bg4 21. Kg2 Qd7
22. f3 Bh3+ 23. Kg1 Rac8 24. Bf2 Qe7 25. Qb3 Kg7 26. Rc2 Nc6 27. Rcd2 Na5 28.
Qa2 Bb8 29. Nc2 Be6 30. Nd4 Bh3 31. Nc2 1/2-1/2

[Event "2. Bundesliga Ost 2012/2013"]
[Site "6.+7.10., 17.+18.11., 1.12., 2.+3.2., 9.+10.3., 6.
[Date "2013.03.10"]
[Round "9"]
[Board "3"]
[White "Weinzettl, Ernst"]
[Black "Krpelan, Wolfgang"]
[Result "1/2-1/2"]
[WhiteElo "2257"]
[BlackElo "2246"]
[PlyCount "94"]
[EventDate "2012.10.06"]
[EventType "team"]
[EventRounds "11"]
[EventCountry "AUT"]
[WhiteTeam "ASVOe VHS Poechlarn"]
[BlackTeam "ASVOE Lackenbach"]

1. e4 d6 2. d4 Nf6 3. Nc3 e5 4. Nge2 Be7 5. g3 O-O 6. Bg2 c6 7. a4 Na6 8. O-O
Nb4 9. h3 a5 10. Be3 h6 11. Qd2 c5 12. d5 Nh7 13. Nb5 f5 14. c3 Na6 15. exf5
Bxf5 16. g4 Bc8 17. f4 Bf6 18. fxe5 Bxe5 19. Rxf8+ Nxf8 20. Nf4 Nc7 21. Nxc7
Qxc7 22. Rf1 Qe7 23. Nd3 Bf6 24. Re1 Qf7 25. Bf4 Be7 26. Rf1 Qe8 27. Qe3 Bd7
28. b3 Ng6 29. Bg3 Bf8 30. Be4 Rd8 31. Qf3 Bc8 32. Re1 Ne5 33. Nxe5 dxe5 34.
Bd3 g6 35. Rxe5 Qf7 36. Re3 Bd6 37. Qxf7+ Kxf7 38. Rf3+ Kg7 39. Bxd6 Rxd6 40.
c4 Rd8 41. Kf2 Re8 42. Rf4 Bd7 43. Kf3 g5 44. Re4 Kf6 45. Rxe8 Bxe8 46. Bf5 Ke5
47. Ke3 b6 1/2-1/2

[Event "2. Bundesliga Ost 2012/2013"]
[Site "6.+7.10., 17.+18.11., 1.12., 2.+3.2., 9.+10.3., 6.
[Date "2013.03.10"]
[Round "9"]
[Board "4"]
[White "Stranz, Richard"]
[Black "Wilke, Werner"]
[Result "1/2-1/2"]
[WhiteElo "2178"]
[BlackElo "2249"]
[PlyCount "77"]
[EventDate "2012.10.06"]
[EventType "team"]
[EventRounds "11"]
[EventCountry "AUT"]
[WhiteTeam "ASVOE Lackenbach"]
[BlackTeam "ASVOe VHS Poechlarn"]

1. e4 c5 2. Nc3 Nc6 3. Bb5 Nd4 4. Bc4 g6 5. Nf3 Bg7 6. Nxd4 cxd4 7. Qf3 e6 8.
Nb5 d6 9. Qa3 Ke7 10. Qd3 e5 11. c3 a6 12. Na3 Be6 13. Bxe6 fxe6 14. cxd4 exd4
15. b3 e5 16. O-O Nf6 17. f4 Nd7 18. Bb2 b5 19. Nc2 Nc5 20. Qf3 Rf8 21. Nb4 Kf7
22. f5 Kg8 23. Nd5 Ra7 24. Ba3 Qg5 25. Bxc5 dxc5 26. d3 gxf5 27. exf5 Raf7 28.
Qe4 Kh8 29. f6 Bxf6 30. Rf5 Qg6 31. Nxf6 Rxf6 32. Rxe5 Qf7 33. h3 Rf4 34. Qd5
Rf1+ 35. Rxf1 Qxf1+ 36. Kh2 Qf4+ 37. Kg1 Qf2+ 38. Kh2 Qf4+ 39. Kg1 1/2-1/2

[Event "2. Bundesliga Ost 2012/2013"]
[Site "6.+7.10., 17.+18.11., 1.12., 2.+3.2., 9.+10.3., 6.
[Date "2013.03.10"]
[Round "9"]
[Board "5"]
[White "Loidl, Florian"]
[Black "Galavics, Hermann"]
[Result "1-0"]
[WhiteElo "2203"]
[BlackElo "2062"]
[PlyCount "73"]
[EventDate "2012.10.06"]
[EventType "team"]
[EventRounds "11"]
[EventCountry "AUT"]
[WhiteTeam "ASVOe VHS Poechlarn"]
[BlackTeam "ASVOE Lackenbach"]

1. c4 e6 2. g3 Nf6 3. Bg2 d5 4. Nf3 c6 5. O-O Bd6 6. b3 O-O 7. Bb2 Nbd7 8. d3
Qe7 9. Nbd2 Re8 10. Rc1 e5 11. Rc2 e4 12. dxe4 dxe4 13. Nh4 Qe6 14. f4 Bc5+ 15.
Kh1 Ng4 16. Nxe4 Ne3 17. Nxc5 Nxc5 18. Qd4 Qh6 19. Qxc5 Nxc2 20. e4 b6 21. Qf2
Nb4 22. Qd2 Na6 23. e5 Bg4 24. h3 Rad8 25. Qf2 Bc8 26. g4 Nc5 27. g5 Qe6 28. f5
Qd7 29. e6 fxe6 30. f6 Rf8 31. Qg3 Qd3 32. Qe5 Qc2 33. f7+ Rxf7 34. Rxf7 Rd1+
35. Rf1 Rd7 36. b4 Nd3 37. Qxe6+ 1-0

[Event "2. Bundesliga Ost 2012/2013"]
[Site "6.+7.10., 17.+18.11., 1.12., 2.+3.2., 9.+10.3., 6.
[Date "2013.03.10"]
[Round "9"]
[Board "6"]
[White "Reitgruber, Dietmar"]
[Black "Mittermayr, Gerhard"]
[Result "0-1"]
[WhiteElo "1945"]
[BlackElo "2117"]
[PlyCount "130"]
[EventDate "2012.10.06"]
[EventType "team"]
[EventRounds "11"]
[EventCountry "AUT"]
[WhiteTeam "ASVOE Lackenbach"]
[BlackTeam "ASVOe VHS Poechlarn"]

1. e4 e6 2. c4 d5 3. cxd5 exd5 4. exd5 Qxd5 5. Nc3 Qa5 6. Bc4 c6 7. Nf3 Bd6 8.
d4 Ne7 9. Ng5 O-O 10. Qh5 Qf5 11. Qd1 Ng6 12. Be3 Nf4 13. Bxf4 Bxf4 14. Nge4
Re8 15. Bd3 Qg6 16. O-O Bg4 17. f3 Qh6 18. Ng3 Be6 19. Nce2 Bc7 20. Qc2 g6 21.
f4 f5 22. Rae1 Bb6 23. Kh1 Nd7 24. Bc4 Ba5 25. Bxe6+ Rxe6 26. Qb3 Rae8 27. Nc3
Nf8 28. Rxe6 Nxe6 29. Re1 Kf7 30. Qxb7+ Re7 31. Qxc6 Qxf4 32. Qf3 Qxf3 33. gxf3
Nxd4 34. Rxe7+ Kxe7 35. b4 Bb6 36. Kg2 Nc2 37. b5 Ne3+ 38. Kh3 Kd6 39. Nge2 Ke5
40. f4+ Kd6 41. Kh4 Kc5 42. Na4+ Kxb5 43. Nxb6 axb6 44. Kg5 Kc4 45. Kh6 Kd3 46.
Nc1+ Ke4 47. Ne2 Kf3 48. Kxh7 Kxe2 49. Kxg6 Kf3 50. Kg5 Ke4 51. h4 Ng2 52. h5
Nxf4 53. h6 Ne6+ 54. Kf6 Nf8 55. Kf7 Nh7 56. Kg6 f4 57. Kxh7 f3 58. Kg7 f2 59.
h7 f1=Q 60. h8=Q Qa1+ 61. Kh7 Qxh8+ 62. Kxh8 b5 63. Kg7 Kd4 64. Kf6 b4 65. Kf5
Kc3 0-1

[Event "2. Bundesliga Ost 2012/2013"]
[Site "6.+7.10., 17.+18.11., 1.12., 2.+3.2., 9.+10.3., 6.
[Date "2013.03.10"]
[Round "9"]
[Board "1"]
[White "Baumegger, Siegfried"]
[Black "Michalik, Peter"]
[Result "0-1"]
[WhiteElo "2462"]
[BlackElo "2508"]
[PlyCount "82"]
[EventDate "2012.10.06"]
[EventType "team"]
[EventRounds "11"]
[EventCountry "AUT"]
[WhiteTeam "tschaturanga"]
[BlackTeam "ASVOE Pamhagen"]

1. Nf3 Nf6 2. c4 e6 3. g3 a6 4. b3 b5 5. Nc3 b4 6. Na4 Bb7 7. Bg2 Be7 8. O-O
O-O 9. Bb2 d6 10. d4 Be4 11. d5 e5 12. Nd2 Bg6 13. e4 Bh5 14. Qe1 Nfd7 15. c5
dxc5 16. Nc4 Bd6 17. f4 f6 18. Bh3 Bf7 19. Be6 Re8 20. Bxf7+ Kxf7 21. fxe5 Nxe5
22. Nxe5+ Rxe5 23. Bxe5 Bxe5 24. Rd1 Nd7 25. Qe2 Qe7 26. Kg2 Kg8 27. Qg4 Bd4
28. Qe6+ Qxe6 29. dxe6 Nf8 30. e5 Nxe6 31. exf6 gxf6 32. Rfe1 Kf7 33. Re2 Rg8
34. Rf1 h5 35. Nb2 h4 36. Nd3 a5 37. Nf4 Be5 38. Nd5 Rg5 39. Rd2 Bd4 40. Nf4
Nxf4+ 41. Rxf4 Be3 0-1

[Event "2. Bundesliga Ost 2012/2013"]
[Site "6.+7.10., 17.+18.11., 1.12., 2.+3.2., 9.+10.3., 6.
[Date "2013.03.10"]
[Round "9"]
[Board "2"]
[White "Lipka, Juraj"]
[Black "Srienz, Christian"]
[Result "1/2-1/2"]
[WhiteElo "2441"]
[BlackElo "2323"]
[PlyCount "64"]
[EventDate "2012.10.06"]
[EventType "team"]
[EventRounds "11"]
[EventCountry "AUT"]
[WhiteTeam "ASVOE Pamhagen"]
[BlackTeam "tschaturanga"]

1. Nf3 Nf6 2. g3 e6 3. Bg2 c5 4. c4 d5 5. cxd5 exd5 6. d4 Nc6 7. O-O Be7 8. Nc3
O-O 9. Bg5 c4 10. Ne5 Be6 11. b3 cxb3 12. Nxc6 bxc6 13. axb3 Ne4 14. Nxe4 dxe4
15. Bxe7 Qxe7 16. Bxe4 Bxb3 17. Qd3 Bd5 18. Bxh7+ Kh8 19. Bf5 Rfe8 20. Rfe1 g6
21. Bh3 a5 22. Bg2 a4 23. e4 Bb3 24. Qc3 Kg8 25. Rec1 Rad8 26. e5 c5 27. dxc5
Qxe5 28. Qxe5 Rxe5 29. c6 Re7 30. Bf1 Rc7 31. Rc3 Kf8 32. Bb5 Rd4 1/2-1/2

[Event "2. Bundesliga Ost 2012/2013"]
[Site "6.+7.10., 17.+18.11., 1.12., 2.+3.2., 9.+10.3., 6.
[Date "2013.03.10"]
[Round "9"]
[Board "3"]
[White "Sadilek, Peter"]
[Black "Maslik, Miroslav"]
[Result "0-1"]
[WhiteElo "2248"]
[BlackElo "2376"]
[PlyCount "50"]
[EventDate "2012.10.06"]
[EventType "team"]
[EventRounds "11"]
[EventCountry "AUT"]
[WhiteTeam "tschaturanga"]
[BlackTeam "ASVOE Pamhagen"]

1. d4 e6 2. c4 Nf6 3. Nc3 Bb4 4. e3 d5 5. Nf3 O-O 6. Bd3 c5 7. O-O dxc4 8. Bxc4
Nc6 9. Bd3 Qe7 10. dxc5 e5 11. e4 Bxc3 12. bxc3 Qxc5 13. Rb1 Qxc3 14. Rb3 Qa5
15. Rb5 Qxa2 16. Nxe5 Nxe5 17. Rxe5 Bg4 18. f3 Be6 19. Bg5 Rfd8 20. Bxf6 gxf6
21. Rh5 Qb2 22. Rf2 Qc3 23. Rd5 Bxd5 24. exd5 Rac8 25. Be4 Qe3 0-1

[Event "2. Bundesliga Ost 2012/2013"]
[Site "6.+7.10., 17.+18.11., 1.12., 2.+3.2., 9.+10.3., 6.
[Date "2013.03.10"]
[Round "9"]
[Board "4"]
[White "Vitouch, Anatol"]
[Black "Kleiser, Gregor"]
[Result "1-0"]
[WhiteElo "2338"]
[BlackElo "2286"]
[PlyCount "43"]
[EventDate "2012.10.06"]
[EventType "team"]
[EventRounds "11"]
[EventCountry "AUT"]
[WhiteTeam "ASVOE Pamhagen"]
[BlackTeam "tschaturanga"]

1. g3 d5 2. Nf3 Bf5 3. c4 c6 4. cxd5 cxd5 5. Qb3 Qc8 6. Nc3 e6 7. Bg2 Nf6 8. d3
Be7 9. O-O O-O 10. Bf4 Nc6 11. Rac1 Qd7 12. e4 Bg6 13. Ne5 Nxe5 14. Bxe5 Ng4
15. Bf4 d4 16. Nb5 e5 17. Bd2 a6 18. Nc7 Rac8 19. Nd5 Rxc1 20. Rxc1 Bd6 21. Bh3
Kh8 22. Nb6 1-0

[Event "2. Bundesliga Ost 2012/2013"]
[Site "6.+7.10., 17.+18.11., 1.12., 2.+3.2., 9.+10.3., 6.
[Date "2013.03.10"]
[Round "9"]
[Board "5"]
[White "Leitner, Gerald"]
[Black "Hangweyrer, Manfred"]
[Result "1/2-1/2"]
[WhiteElo "2206"]
[BlackElo "2367"]
[PlyCount "115"]
[EventDate "2012.10.06"]
[EventType "team"]
[EventRounds "11"]
[EventCountry "AUT"]
[WhiteTeam "tschaturanga"]
[BlackTeam "ASVOE Pamhagen"]

1. d4 d5 2. c4 c6 3. Nf3 Nf6 4. Nc3 a6 5. a4 e6 6. Bg5 h6 7. Bh4 Bb4 8. e3 Qa5
9. Rc1 Nbd7 10. Nd2 O-O 11. Bd3 e5 12. O-O exd4 13. exd4 dxc4 14. Nxc4 Qh5 15.
Bg3 Qxd1 16. Rfxd1 Re8 17. a5 Nd5 18. Bd6 N7f6 19. Na4 Be6 20. Nc5 Bxc5 21.
dxc5 Rad8 22. f3 Nb4 23. Kf2 Nxd3+ 24. Rxd3 Bxc4 25. Rxc4 Rd7 26. Rb3 Nd5 27.
h4 h5 28. g4 f6 29. gxh5 Kf7 30. h6 gxh6 31. Rg4 h5 32. Re4 Rg8 33. Rd3 f5 34.
Red4 Ke6 35. Bf4 Rg2+ 36. Kxg2 Nxf4+ 37. Rxf4 Rxd3 38. Rb4 Rd7 39. Rb3 f4 40.
Kf2 Ke5 41. Ke2 Rg7 42. Rb4 Rg2+ 43. Kf1 Rc2 44. Re4+ Kd5 45. Rxf4 Rxb2 46.
Rf5+ Kd4 47. Rxh5 Ra2 48. Rf5 Rxa5 49. h5 Ke3 50. h6 Ra4 51. h7 Rh4 52. Rf7 a5
53. Kg2 a4 54. Rxb7 Rh6 55. Kg3 a3 56. Ra7 a2 57. Ra3+ Kd4 58. Rxa2 1/2-1/2

[Event "2. Bundesliga Ost 2012/2013"]
[Site "6.+7.10., 17.+18.11., 1.12., 2.+3.2., 9.+10.3., 6.
[Date "2013.03.10"]
[Round "9"]
[Board "6"]
[White "Kuthan, Andreas"]
[Black "Petschar, Hans"]
[Result "1/2-1/2"]
[WhiteElo "2219"]
[BlackElo "2064"]
[PlyCount "122"]
[EventDate "2012.10.06"]
[EventType "team"]
[EventRounds "11"]
[EventCountry "AUT"]
[WhiteTeam "ASVOE Pamhagen"]
[BlackTeam "tschaturanga"]

1. d4 Nf6 2. c4 g6 3. Nc3 Bg7 4. e4 d6 5. f3 O-O 6. Be3 c5 7. Nge2 Qa5 8. Nc1
cxd4 9. Nb3 Qc7 10. Nxd4 Nc6 11. Be2 Nxd4 12. Bxd4 Be6 13. b3 Nd7 14. Bxg7 Kxg7
15. Qd4+ Kg8 16. Nd5 Bxd5 17. exd5 Qa5+ 18. Qd2 Qxd2+ 19. Kxd2 a5 20. Rhe1 Nc5
21. Bd3 Rfe8 22. Bc2 e6 23. dxe6 Rxe6 24. Rxe6 Nxe6 25. Kc3 Kf8 26. h4 Nf4 27.
g4 d5 28. cxd5 Nxd5+ 29. Kb2 Nb4 30. Be4 Rb8 31. Rc1 b6 32. Rc7 Rd8 33. a3 Na6
34. Rc6 Nc5 35. Rxb6 Nxe4 36. fxe4 Rd4 37. b4 a4 38. b5 Rxe4 39. Rc6 Re2+ 40.
Kc3 Ke7 41. Rc4 f5 42. Rxa4 Re3+ 43. Kd2 Rb3 44. Ra7+ Kd6 45. gxf5 Rxb5 46.
fxg6 hxg6 47. Ra6+ Kc7 48. Rxg6 Rb3 49. Ra6 Rh3 50. Ra4 Kb6 51. Ke2 Kb5 52. Re4
Rxa3 53. Kf2 Kc5 54. Kg2 Kd5 55. Re8 Kd6 56. h5 Ra5 57. h6 Rh5 58. Ra8 Ke6 59.
Ra6+ Kf7 60. Kg3 Kg8 61. Kg4 Rh1 1/2-1/2

[Event "2. Bundesliga Ost 2012/2013"]
[Site "6.+7.10., 17.+18.11., 1.12., 2.+3.2., 9.+10.3., 6.
[Date "2013.04.06"]
[Round "10"]
[Board "1"]
[White "Papp, Gabor"]
[Black "Lipka, Juraj"]
[Result "1/2-1/2"]
[WhiteElo "2571"]
[BlackElo "2441"]
[PlyCount "117"]
[EventDate "2012.10.06"]
[EventType "team"]
[EventRounds "11"]
[EventCountry "AUT"]
[WhiteTeam "ASVOE Mattersburg"]
[BlackTeam "ASVOE Pamhagen"]

1. e4 e6 2. d4 d5 3. e5 c5 4. c3 Nc6 5. Nf3 Qb6 6. a3 Bd7 7. b4 cxd4 8. cxd4
Rc8 9. Be3 Nh6 10. Bd3 Ng4 11. O-O Nxe3 12. fxe3 Be7 13. Nbd2 Nb8 14. Nb3 Ba4
15. Qb1 Bxb3 16. Qxb3 O-O 17. Rac1 g6 18. h4 Rc7 19. Rxc7 Qxc7 20. e4 dxe4 21.
Bxe4 Nc6 22. Rc1 Qb6 23. Qc4 a6 24. Kh1 Rc8 25. d5 exd5 26. Bxd5 Na7 27. Qf4
Rxc1+ 28. Qxc1 Nc6 29. e6 fxe6 30. Bxe6+ Kg7 31. Qf4 Nd8 32. Bd5 Qf6 33. Qe4 b6
34. g4 Bd6 35. Qe3 Qa1+ 36. Kg2 Qb2+ 37. Kh3 Qa1 38. Nd4 Qf1+ 39. Bg2 Qf4 40.
Qxf4 Bxf4 41. a4 Bd6 42. b5 axb5 43. Nxb5 Be5 44. Bd5 Nf7 45. g5 Nd6 46. Nc7
Nf5 47. Ne6+ Kh8 48. Ba2 Nd4 49. Nf8 Bc7 50. Bc4 Kg7 51. Nd7 Bd8 52. Kg4 h6 53.
gxh6+ Kxh6 54. Bd3 Nc6 55. Be4 Ne7 56. Ne5 Bc7 57. Nf7+ Kg7 58. Ng5 Kf6 59. Bc2
1/2-1/2